| 000 | 00553nam a22001817a 4500 | ||
|---|---|---|---|
| 003 | BD-DhJNU | ||
| 005 | 20241219051717.0 | ||
| 008 | 241219b |||||||| |||| 00| 0 eng d | ||
| 020 | _a9840734962 | ||
| 040 |
_aBD-DhJNU _beng _cBD-DhJNU _dBD-DhJNU |
||
| 082 |
_223 _a808.830 |
||
| 245 |
_aAn anthology of contemporary short stories of Bangladesh / _cEdited by Kabir Chowdhury |
||
| 260 |
_aDhaka : _bBangla academy Dhaka, _c1984. |
||
| 300 |
_a216 p. : _c22 cm. |
||
| 650 | _aBangladesh Stories | ||
| 700 |
_aChowdhury, Kabir _eEditor |
||
| 942 |
_2ddc _cBK _n0 |
||
| 999 |
_c1013 _d1013 |
||